00820nac a22002051u 4500010001300000020001500013020001500028082001800043090001300061100003400074245014300108260004400251300002500295504005100320650004400371700002300415942002000438999001300458952014300471 a98027241 a0136717101 a817808634400a004.35bW6861 c659d659 aWilkinson, Barry. 10aParallel programming :btechniques and applications using networked workstations and parallel computers /cBarry Wilkinson, Michael Allen. aNew Delhi :bPearson Education,cc2003. axv, 431 p. ;c24 cm. aIncludes bibliographical references and index. 0aParallel programming (Computer science)1 aAllen, C. Michael. cBBk004.35W6861 c659d659 00102ddc40708 aMAINbMAINcLOWd2006-07-20epurchaseg80.00l2m1o004.35 WILp000030007r2025-07-15 00:00:00s2013-02-26v100.00yBB